| 000 | 00466nam a2200109Ia 4500 | ||
|---|---|---|---|
| 008 | 160909s9999 xx 000 0 und d | ||
| 100 | _aRocha, Michelle Dantas, | ||
| 245 | _aWhere is the Survivor's Voice? An Examination of the Individual and Structural Challenges to the Reintegration of Immigrant Human Trafficking Survivors | ||
| 260 |
_bUniversity of South Florida. _c2016 |
||
| 650 | _aTOURISM | ||
| 856 | _uhttp://pqdtopen.proquest.com/doc/1808267186.html?FMT=ABS | ||
| 999 |
_c304935 _d304935 |
||